000 00566nam a22002057a 4500
003 OSt
005 20220107122739.0
008 140421b xxu||||| |||| 00| 0 eng d
020 _a9788120346284
040 _cIIITM-K
082 _a005.1 KEL/S
100 _aKelkar, S.A
_94313
245 _aSoftware quality and testing:
_bA concise study
_cby S.A Kelakar
260 _aNew Delhi,
_bPHI Learning,
_c2012.
300 _ax, 606p.
650 _aCOMPUTER SCIENCE
_94314
650 _aSOFTWARE ENGINEERING
_94315
650 _aSOFTWARE TESTING
_94316
942 _2ddc
_cBK
999 _c3899
_d3899